header

Writing Talk (Record no. 254821)

MARC details
000 -LEADER
fixed length control field 00436nam a22001697a 4500
003 - CONTROL NUMBER IDENTIFIER
control field OSt
005 - DATE AND TIME OF LATEST TRANSACTION
control field 20160727095907.0
008 - FIXED-LENGTH DATA ELEMENTS--GENERAL INFORMATION
fixed length control field 160727b xxu||||| |||| 00| 0 eng d
020 ## - INTERNATIONAL STANDARD BOOK NUMBER
International Standard Book Number 0131523686
040 ## - CATALOGING SOURCE
Transcribing agency NA
050 ## - LIBRARY OF CONGRESS CALL NUMBER
Classification number PE 1439.W55 2009
100 ## - MAIN ENTRY--PERSONAL NAME
Personal name Anthony C. Winkler
245 ## - TITLE STATEMENT
Title Writing Talk
Remainder of title Paragraphs and Short Essays with Readings
250 ## - EDITION STATEMENT
Edition statement 4th ed
260 ## - PUBLICATION, DISTRIBUTION, ETC. (IMPRINT)
Place of publication, distribution, etc New Jersey
Name of publisher, distributor, etc Prentice Hall
Date of publication, distribution, etc 2006
942 ## - ADDED ENTRY ELEMENTS (KOHA)
Source of classification or shelving scheme Library of Congress Classification
Koha item type Long Loan Books
Holdings
Withdrawn status Lost status Source of classification or shelving scheme Damaged status Not for loan Home library Current library Shelving location Date acquired Total Checkouts Full call number Barcode Date last seen Date checked out Price effective from Koha item type
    Library of Congress Classification     Rongo University Library Rongo University Library General Stacks 27/07/2016 1 PE 1439.W55 2006 201610478 21/11/2019 10/11/2019 27/07/2016 Long Loan Books

© 2026 Rongo University
Contact us: librarian | system librarian | Rongo university